Customer Relationship Management: A Global Approach (Record no. 43596)
[ view plain ]
| 000 -LEADER | |
|---|---|
| fixed length control field | 02871cam a2200445 i 4500 |
| 001 - CONTROL NUMBER | |
| control field | 22670533 |
| 005 - DATE AND TIME OF LATEST TRANSACTION | |
| control field | 20250417093205.0 |
| 008 - FIXED-LENGTH DATA ELEMENTS--GENERAL INFORMATION | |
| fixed length control field | 220628t20232023cau b 001 0 eng d |
| 010 ## - LIBRARY OF CONGRESS CONTROL NUMBER | |
| LC control number | 2022941836 |
| 016 7# - NATIONAL BIBLIOGRAPHIC AGENCY CONTROL NUMBER | |
| Record control number | 020859975 |
| Source | Uk |
| 020 ## - INTERNATIONAL STANDARD BOOK NUMBER | |
| International Standard Book Number | 9781529767421 |
| 020 ## - INTERNATIONAL STANDARD BOOK NUMBER | |
| International Standard Book Number | 9781529767414 |
| 020 ## - INTERNATIONAL STANDARD BOOK NUMBER | |
| International Standard Book Number | 1529767423 |
| 020 ## - INTERNATIONAL STANDARD BOOK NUMBER | |
| International Standard Book Number | 1529767415 |
| 020 ## - INTERNATIONAL STANDARD BOOK NUMBER | |
| Canceled/invalid ISBN | 9781529613346 |
| 020 ## - INTERNATIONAL STANDARD BOOK NUMBER | |
| Canceled/invalid ISBN | 9781529613360 |
| 035 ## - SYSTEM CONTROL NUMBER | |
| System control number | (OCoLC)on1345457961 |
| 041 ## - LANGUAGE CODE | |
| Language code of text/sound track or separate title | eng |
| 042 ## - AUTHENTICATION CODE | |
| Authentication code | lccopycat |
| 082 04 - DEWEY DECIMAL CLASSIFICATION NUMBER | |
| Classification number | 658.812 CHA |
| 100 1# - MAIN ENTRY--PERSONAL NAME | |
| Author | Chakravorti, Samit, |
| 245 10 - TITLE STATEMENT | |
| Title | Customer Relationship Management: A Global Approach |
| 260 ## - PUBLICATION, DISTRIBUTION, ETC. | |
| Place | New Delhi |
| Publisher | Sage Publications Ltd |
| Publication Year | 2023 |
| 300 ## - PHYSICAL DESCRIPTION | |
| Extent | xv, 286 pages ; 24 cm |
| 504 ## - BIBLIOGRAPHY, ETC. NOTE | |
| Bibliography, etc. note | Includes bibliographical references and index. |
| 520 ## - SUMMARY, ETC. | |
| Summary, etc. | "Customer Relationship Management: A Global Approach provides a uniquely global, holistic, strategic and tactical grounding in managing customer and other stakeholder experiences and relationships across the value chain, cultures and countries. Reflecting the global structures of companies operating today, the author draws on his research knowledge alongside industry and teaching experience to connect Customer Relationship Management (CRM) core concepts, processes and strategies with international business opportunities and challenges, including globalization and cross-cultural marketing. Emphasis is placed on the need for developing cross-cultural skills and cultural intelligence for identifying and fulfilling cross country CRM opportunities, through analytical, strategic, operational and social CRM projects. Written in an accessible style throughout, the eleven chapters provide ample depth to support a full course related to CRM, spanning: CRM foundations planning and implementation managing stakeholder relationships improving global CRM implementation Wide-ranging case studies include: Royal Bank of Scotland, the Nike hijab, Instagram, HubSpot and the pharmaceutical industry in India. The text will appeal to advanced undergraduate and graduate students studying CRM, Relationship Marketing and International Marketing, as well as CRM and marketing practitioners. Samit Chakravorti is an Associate Professor of Marketing at Western Illinois University in the United States"-- |
| 650 #0 - SUBJECT ADDED ENTRY--TOPICAL TERM | |
| Subject | Customer relations |
| 650 #0 - SUBJECT ADDED ENTRY--TOPICAL TERM | |
| Subject | Intercultural communication. |
| 650 #7 - SUBJECT ADDED ENTRY--TOPICAL TERM | |
| Subject | Customer relations |
| 942 ## - ADDED ENTRY ELEMENTS (KOHA) | |
| Koha item type | Books |
| 264 #1 - PRODUCTION, PUBLICATION, DISTRIBUTION, MANUFACTURE, AND COPYRIGHT NOTICE | |
| Place of production, publication, distribution, manufacture | Los Angeles : |
| Name of producer, publisher, distributor, manufacturer | SAGE, |
| Date of production, publication, distribution, manufacture, or copyright notice | [2023] |
| 264 #4 - PRODUCTION, PUBLICATION, DISTRIBUTION, MANUFACTURE, AND COPYRIGHT NOTICE | |
| Date of production, publication, distribution, manufacture, or copyright notice | ©2023 |
| 336 ## - CONTENT TYPE | |
| Content type term | text |
| Content type code | txt |
| Source | rdacontent |
| 336 ## - CONTENT TYPE | |
| Content type term | still image |
| Content type code | sti |
| Source | rdacontent |
| 337 ## - MEDIA TYPE | |
| Media type term | unmediated |
| Media type code | n |
| Source | rdamedia |
| 338 ## - CARRIER TYPE | |
| Carrier type term | volume |
| Carrier type code | nc |
| Source | rdacarrier |
| 776 08 - ADDITIONAL PHYSICAL FORM ENTRY | |
| Relationship information | ebook version : |
| International Standard Book Number | 9781529613346 |
| 906 ## - LOCAL DATA ELEMENT F, LDF (RLIN) | |
| a | 7 |
| b | cbc |
| c | copycat |
| d | 2 |
| e | ncip |
| f | 20 |
| g | y-gencatlg |
| Withdrawn status | Lost status | Source of classification or shelving scheme | Damaged status | Not for loan | Home library | Current library | Shelving location | Accession Date | Vendor | Price | Bill number | Full call number | Barcode No | Date last seen | Discount | Bill Date | Koha item type | Suggested By |
|---|---|---|---|---|---|---|---|---|---|---|---|---|---|---|---|---|---|---|
| Dewey Decimal Classification | IMTN | IMTN | Rack 37-A | 03/28/2025 | Raghav Books Private Limited | 5786.49 | 2374 | 658.812 CHA | 33884 | 04/07/2025 | 33 | 02/14/2025 | Books | Mr. Shridhar Rao |